Stemmi Squadre di calcio - Serie A - Quiz n°6 - Statistics

Statistiche generali
  • Questo quiz è stato fatto 1.173 volte
    1.169 dall'ultimo reset
  • Il punteggio medio è 10 su 10
Statistiche sulle risposte
con Immagini Risposta % Corretto
Associazione Sportiva Cittadella
100%
Parma Calcio 1913
100%
Unione Sportiva Livorno 1915
100%
Unione Calcio AlbinoLeffe
99%
Associazione Calcio Robur Siena 1904
98%
Football Club Crotone
98%
Società Sportiva Calcio Napoli
98%
Ternana Calcio
98%
Società Sportiva Virtus Lanciano 1924
96%
Associazione Sportiva Dilettantistica Fanfulla
92%
Nessun quiz corrispondente trovato
Distribuzione punteggi
Percentuale di utenti per punteggio
Percentile per numero di risposta
I tuoi punteggi nel tempo
Non hai fatto questo quiz dall'ultimo reset